1959 1125 1374 1167 1249 1506 1001 1862 1999 1503 1919 1102 1401 1431 1679 1006 1142 1593 1391 1481 1178 1452 1700 1820 1172 1790 1611 1930 1458 1625 1383 1775 1764 1042 1127 1795 1511 1486 1561 1909 1628 1823 1591 1251 1113 1185 1507 1022 1327 1425 1588 1760 1467 1310 1551 1761 1917 1417 1337 1556 1543 1948 1702 1320 1033 1483 1966 1721 1488 1460 1249 1216 1805 1674 1301 1591 1973 1895 1508 1703 1961 1163 1428 1359 1916 1955 1039 1331 1805 1985 1235 1951 1114 1882 1059 1164 1770 1946 1213 BCNSPRNW ULIB Ver.6.0+V

เปลี่ยนเป็นภาษาไทย

Change to English
 แสดงรายละเอียดบรรณานุกรม
  กลับหน้าหลัก

Brief Record : Get Marc (ISO 2709) : E-mail record : QR code < ปิดหน้าต่าง
LEADER : 00000nam 2200000uu 4500
001    13399126607
003     ULIB
008    190122s2561||||th 000 0 tha d
020    ^a9786164431638
060    ^aWY31^bส72ก
100 0  ^aแสงทอง ธีระทองคำ
245 00 ^aกฎหมายสำหรับพยาบาล /^bแสงทอง ธีระทองคำ, ไสว นรสาร
250    ^aพิมพ์ครั้งที่ 2(ฉบับเรียบเรียงครั้งที่ 2)
260    ^aกรุงเทพฯ :^bโครงการตำรารามาธิบดี คณะแพทยศาสตร์ โรงพยาบาลรามาธิบดี มหาวิทยาลัยมหิดล,^c2561
300    ^a296 หน้า
650  7 ^aการพยาบาล--กฎหมายและข้อบังคับ 0^aจรรยาบรรณพยาบาล 0^aจริยศาสตร์
945    ^p300^l0^i004828
945    ^p300^l0^i004827
945    ^p300^l0^i004826
945    ^p300^l0^i004825
945    ^p300^l0^i004817
945    ^p300^l0^i004818
945    ^p300^l0^i004819
945    ^p300^l0^i004820
945    ^p300^l0^i004823
945    ^p300^l0^i004824
999    ^aประนอม เกษจรัล
รายการนี้ยังไม่มีแท็ก
คุณยังไม่ได้ล็อกอิน คุณสามารถมีกิจกรรมร่วมกับเว็บไซต์ได้ แต่ต้องล็อกอินก่อน ::
  ล็อกอิน

รายการสื่อสารสนเทศ

ลำดับที่ ประเภท เลขเรียก/บาร์โค้ด สถานที่ สถานะ
1. Book การพยาบาล
หนังสือสำรอง
สถานะ=หนังสือสำรอง
WY31 ส72ก ฉ.1 
  Barcode: 004817
ห้องสมุดวิทยาเขตสวรรค์ประชารักษ์
►หนังสือทั่วไป
บนชั้น
2. Book การพยาบาล
Book การพยาบาล
WY31 ส72ก ฉ.10 
  Barcode: 004828
ห้องสมุดวิทยาเขตสวรรค์ประชารักษ์
►หนังสือทั่วไป
บนชั้น
3. Book การพยาบาล
Book การพยาบาล
WY31 ส72ก ฉ.2 
  Barcode: 004818
ห้องสมุดวิทยาเขตสวรรค์ประชารักษ์
►หนังสือทั่วไป
บนชั้น
4. Book การพยาบาล
Book การพยาบาล
WY31 ส72ก ฉ.3 
  Barcode: 004819
ห้องสมุดวิทยาเขตสวรรค์ประชารักษ์
►หนังสือทั่วไป
บนชั้น
5. Book การพยาบาล
Book การพยาบาล
WY31 ส72ก ฉ.4 
  Barcode: 004820
ห้องสมุดวิทยาเขตสวรรค์ประชารักษ์
►หนังสือทั่วไป
บนชั้น
6. Book การพยาบาล
Book การพยาบาล
WY31 ส72ก ฉ.5 
  Barcode: 004823
ห้องสมุดวิทยาเขตสวรรค์ประชารักษ์
►หนังสือทั่วไป
บนชั้น
7. Book การพยาบาล
Book การพยาบาล
WY31 ส72ก ฉ.6 
  Barcode: 004824
ห้องสมุดวิทยาเขตสวรรค์ประชารักษ์
►หนังสือทั่วไป
บนชั้น
8. Book การพยาบาล
Book การพยาบาล
WY31 ส72ก ฉ.7 
  Barcode: 004825
ห้องสมุดวิทยาเขตสวรรค์ประชารักษ์
►หนังสือทั่วไป
บนชั้น
9. Book การพยาบาล
Book การพยาบาล
WY31 ส72ก ฉ.8 
  Barcode: 004826
ห้องสมุดวิทยาเขตสวรรค์ประชารักษ์
►หนังสือทั่วไป
บนชั้น
10. Book การพยาบาล
Book การพยาบาล
WY31 ส72ก ฉ.9 
  Barcode: 004827
ห้องสมุดวิทยาเขตสวรรค์ประชารักษ์
►หนังสือทั่วไป
บนชั้น

รายการใกล้เคียง
    ผู้แต่ง [แสงทอง ธีระทองคำ]

BibComment


ยังไม่เคยถูกคอมเมนท์

คอมเมนท์ทรัพยากรรายการนี้
  คอมเมนท์: กฎหมายสำหรับพยาบ..


 Copyright 2026. Bcnsprnw @Library